UITU Library & LRC     

VLSI: design techniques for analog and digital circuits (Record no. 3590)

MARC details
000 -LEADER
fixed length control field 00535nam a2200181Ia 4500
008 - FIXED-LENGTH DATA ELEMENTS--GENERAL INFORMATION
fixed length control field 240925s9999 xx 000 0 und d
020 ## - INTERNATIONAL STANDARD BOOK NUMBER
International Standard Book Number 70232539
082 ## - DEWEY DECIMAL CLASSIFICATION NUMBER
Classification number 621.395 GEL
100 ## - MAIN ENTRY--PERSONAL NAME
Personal name Geliger ,Randall l.; Allen, Phillip E.; Strader, Noel R.
245 #0 - TITLE STATEMENT
Title VLSI: design techniques for analog and digital circuits
250 ## - EDITION STATEMENT
Edition statement NA
260 ## - PUBLICATION, DISTRIBUTION, ETC.
Place of publication, distribution, etc. New Delhi:
Name of publisher, distributor, etc. Scientific International
Date of publication, distribution, etc. ,1990.
300 ## - PHYSICAL DESCRIPTION
Extent 621p.
Other physical details NA
Type of unit Pirated
500 ## - GENERAL NOTE
General note Includes Index
600 ## - SUBJECT ADDED ENTRY--PERSONAL NAME
Personal name Electronic Engineering
650 ## - SUBJECT ADDED ENTRY--TOPICAL TERM
Topical term or geographic name entry element Technology
942 ## - ADDED ENTRY ELEMENTS (KOHA)
Koha item type Books
Holdings
Withdrawn status Lost status Damaged status Not for loan Collection Home library Current library Date acquired Source of acquisition Cost, normal purchase price Total checkouts Full call number Barcode Date last seen Price effective from Koha item type
Write Off       Electrical Engineering UITU Library UITU Library 09/18/1997 Variety Book Stall 150.00   621.395 GEL Q1091 09/25/2024 09/25/2024 Books

Powered by Koha